000 00644nas a2200229 4500
001 BR9504629
003 BR-BrBNA
005 20231205094421.0
007 ta
008 230509b bl.|||p| |||| 00| 00por d
040 _aBR-BrBNA
_bpor
_cBiblioteca Nacional de Agricultura
041 _a(Pt)
072 _aQ04
100 1 _aAnon.
245 1 _aLeite com porcentagem reduzida de lactose
650 _aLeite
650 _aComposicao de Alimento
650 _aLactose
773 0 _tBoletim do Leite e seus Derivados (Brazil)
_x
_g(Sep 1979), v. 51(611) p. 31
_wBR9504629
909 _a202311
_bLúcia
_c55
_dLúcia Elande
942 _2AGRIS
_n0
_cANA
999 _c144168
_d144168